Gracze Anarchia SMP - Statystyki

Ogólne statystyki
  • Ten quiz został rozwiązany 6 127 razy
    3 068 od ostatniego zresetowania
  • Średni wynik to 14 z 33
Statystyki odpowiedzi
Odpowiedź % Poprawnych
Sagi
93%
Piter
82%
Dexsi
81%
Bluker
78%
Dranhis
66%
Felipeza
66%
Śmieszny
55%
Utopik
55%
JamJestJakub
54%
Kapi
54%
Mantis
54%
Fommy
47%
xKenzi
46%
Dravius
45%
xFelt
45%
Hozot
43%
Afikk
39%
Flameusz
37%
Trampek
37%
Blueeed
36%
Gibbon
35%
Skalmar
29%
Franall
28%
Croofix
27%
Blanki
26%
Pikczu
26%
elo mordo
22%
Piachu
21%
Tekini
14%
Aikarek
12%
Frezu
12%
Favo
11%
xFuzi
10%
Nie znaleziono quizów pasujących do podanych kryteriów
Rozkład punktacji
Procent ludzi z każdym wynikiem
Percentyl według liczby udzielonych odpowiedzi
Twoja historia wyników
Nie rozwiązałeś tego quizu od ostatniego zresetowania